000 00788nam a22002177a 4500
999 _c950
_d950
003 AR-CdUCM
008 190226b ||||| |||| 00| 0 eng d
040 _aMUNICIPALIDAD PROVINCIAL DEL CUSCO
_cBIBLIOTECA MUNICIPAL DEL CUSCO
082 _a329.1 /
_bG26
100 _aGarcia Salvattecci, Hugo
_93689
110 _aCONCYTEC
_92809
245 _aPajinas Apristas /
260 _aLima :
_bMedios de comunicación ,
_c1989.
300 _a123 páginas ;
_c20 cm.
505 _aLa frustración de un congreso -- Respuesta de un aprista al presidente -- Los viejos a la tumba, los jóvenes a la obra -- confucionismo ideológico...
650 _aAPRA.
_92108
650 _aIzquierda unida.
_93690
650 _aAprismo y socialismo.
_93691
942 _2ddc
_cLIBROS
945 _awfj
_d2019-02-26